Descendants: Rotten to the Core Lyrics - Statistics

General Stats
  • This quiz has been taken 323 times
  • The average score is 204 of 250
Answer Stats
Answer % Correct
I
98%
the
98%
the,
98%
The
98%
A
95%
a
95%
I'm
95%
to
95%
rotten
93%
Rotten
93%
core,
91%
core
91%
me
90%
me?
90%
say
90%
They
90%
they
90%
bad
89%
Who
89%
that
88%
that?
88%
evil,
87%
you
87%
no-
86%
no
86%
Can
84%
can
84%
makes
84%
for
82%
more?
82%
we
82%
glad
81%
not
81%
ask
80%
like
80%
on
80%
So
79%
so
79%
Your
79%
your
79%
and
78%
kid
78%
Mirror,
78%
mirror
78%
my
78%
next,
78%
next
78%
wall
78%
Who's
78%
wicked
78%
of
77%
all?
76%
baddest
76%
could
76%
door
76%
them
76%
Welcome
76%
world,
76%
world
76%
bone
75%
down
74%
got
74%
nothing
74%
just
73%
can't
71%
nightmare,
71%
worst
71%
good,
70%
love
70%
take
70%
unique
70%
home
69%
trouble,
69%
Call
68%
call
68%
dirty
68%
in
68%
never
68%
blame
66%
How
66%
blood
65%
misunderstood
65%
What,
65%
life
64%
freak
63%
is
63%
is,
63%
mischief
61%
think
61%
up
61%
with
61%
Are
60%
back?
60%
feel
60%
low-
60%
some
60%
Ain't
59%
ain't
59%
I've
59%
What's
59%
forget
58%
heart,
58%
useless,
58%
flirt
57%
forgive,
57%
broke
56%
hood
56%
past
56%
past,
56%
hurt?
55%
yet
55%
friends?
53%
made
52%
callous,
51%
seen
51%
traitor?
51%
truth
51%
schemer,
44%
misfit,
41%
No matching quizzes found
Score Distribution
Percent of People with Each Score
Percentile by Number Answered
Your Score History
You have not taken this quiz